000 00707cam a2200241 a 4500
001 000005926
003 DO-SdBNP
005 20210928095547.0
007 ta
008 940617s 1993 sp 001 0 spa
020 _a8480480165
040 _aDO-SdBNP
_cspa
_bBNPHU
082 4 _aBNPHU 862.64
_bA454p
100 1 _aAlonso Millán, Juan José,
_d1936-
_916712
245 1 0 _aPasarse de la raya /
_cJuan José Alonso Millán.
260 _aMadrid :
_bSociedad General de Autores de España,
_c1993.
300 _a87 p. ;
_c23 cm.
490 1 _aTeatro
_v11
650 1 4 _aTeatro español
_ySiglo XX
_916710
650 1 4 _aLiteratura española
_ySiglo XX
_916711
830 0 _aTeatro ;
_v11
_95617
942 _2ddc
_cLBS1
999 _c5722
_d5722